000 00873nam a2200253Ia 4500
003 OSt
005 20220923211231.0
006 a|||||r|||| 00| 0
007 ta
008 220922b |||||||| |||| 00| 0 pan d
020 _a9788171167012 (hbk)
_c275
024 _a328,975
037 _b233, 17/03/2018, National Book Shop
_cTextual
040 _aARTS
_cARTS
_bpan
041 _2pan
_apan
082 _aO168,3N12x, 153Q7
100 _aਸਿੰਘ, ਕੁਲਜੀਤ ਬੁਕ, ਥਦ.
245 0 _aਸਾਅਦਤ ਹਸਨ ਮੰਟੋ
260 _aਦਿੱਲੀ
_b ਨੈFਨਲ ਬੁਕ Fਾਪ
_c2017
300 _a143ਪ0
_ccm.
650 _aਉਰਦੂ ਸਾਹਿਤ
942 _hO168,3N12x, 153Q7
_cTEXL
_2CC
999 _c297362
_d297362